000 00762nam a22002057a 4500
999 _c19940
_d19940
003 AR-CdUCM
008 190523b ||||| |||| 00| 0 spa d
040 _aMUNICIPALIDAD PROVINCIAL DEL CUSCO
_cBIBLIOTECA MUNICIPAL DEL CUSCO
082 _24ed
_a544 /
_bB97
100 _aBuscarons Ubeda, Francisco
_941695
245 _aAnálisis inorgánico cualitativo sistemático (semimicro) /
260 _aBarcelona,
_bGrijalbo,
_c1964.
300 _a268 páginas ;
_bIlustraciones,
_c24 cm.
505 _aContenido: Generalidades -- Investigación sistemática -- Análisis de una muestra liquida...
650 _aQuímica analítica
_941696
650 _aQuímica cuantitativa
_941697
650 _aAniones
_941698
942 _2ddc
_cLIBROS
945 _adavv
_d2019-05-23